Jet Lag: The Game Quiz - Statistics

General Stats
  • This quiz has been taken 106 times
    81 since last reset
  • The average score is 17 of 17
Answer Stats
Season Series Title Location Special Guest Season Winner(s) % Correct
8 Arctic Escape United States Michelle Khare Sam Denby
100%
1 Connect 4 Across America United States Brian McManus Sam Denby
99%
5 Race to the End of the World New Zealand Toby Hendy Sam Denby
99%
10 Au$tralia Australia Toby Hendy Sam Denby
99%
5 Race to the End of the World New Zeland Toby Hendy Toby Hendy
99%
2 Circumnavigation Earth Joseph Pisenti Adam Chase
97%
3 Tag EUR It Western Europe - Adam Chase
97%
4 Battle 4 America United States Brian McManus Adam Chase
97%
6 Capture the Flag Japan Scotty Allen Adam Chase
97%
9 Hide + Seek Switzerland - Adam Chase
97%
2 Circumnavigation Earth Joseph Pisenti Ben Doyle
97%
4 Battle 4 America United States Brian McManus Ben Doyle
97%
6 Capture the Flag Japan Scotty Allen Ben Doyle
97%
7 Tag EUR It 2 Western Europe - Ben Doyle
97%
8 Arctic Escape United States Michelle Khare Michelle Khare
97%
10 Au$tralia Australia Toby Hendy Toby Hendy
97%
1 Connect 4 Across America United States Brian McManus Brian McManus
96%
No matching quizzes found
Score Distribution
Percent of People with Each Score
Percentile by Number Answered
Your Score History
You have not taken this quiz since the last reset